La neurasthénie (Record no. 31767)

MARC details
000 -LEADER
campo de control de longitud fija 00650nam a2200181 i 4500
001 - NÚMERO DE CONTROL
campo de control 31767
003 - IDENTIFICADOR DE NÚMERO DE CONTROL
campo de control ES-MaACL
005 - FECHA Y HORA DE LA ÚLTIMA TRANSACCIÓN
campo de control 20230906154435.0
007 - CAMPO FIJO DE DESCRIPCIÓN FÍSICA--INFORMACIÓN GENERAL
campo de control de longitud fija t|
008 - DATOS DE LONGITUD FIJA--INFORMACIÓN GENERAL
campo de control de longitud fija 030130s1906 gw ||||1| fre d
100 1# - ENTRADA PRINCIPAL--NOMBRE DE PERSONA
Nombre de persona Baumgarten, Alfred.
9 (RLIN) 26594
245 13 - MENCIÓN DEL TÍTULO
Título La neurasthénie
Resto del título : sa nature, la prophylaxie /
Mención de responsabilidad, etc. auvrage résumat les expériences personnelles du Alfred Baumgarten ; traduit de l'allemand par le Bonnaymé.
260 ## - PUBLICACIÓN, DISTRIBUCIÓN, ETC.
Lugar de publicación, distribución, etc. Wörishofen :
Nombre del editor, distribuidor, etc. Buchdruckerei und Verlagsanstalt Wörishofen,
Fecha de publicación, distribución, etc. 1906.
300 ## - DESCRIPCIÓN FÍSICA
Extensión XVI, 296 p. ;
Dimensiones 23 cm.
650 #4 - PUNTO DE ACCESO ADICIONAL DE MATERIA--TÉRMINO DE MATERIA
Término de materia o nombre geográfico como elemento de entrada Neurastenia.
9 (RLIN) 138915
700 1# - ENTRADA AGREGADA--NOMBRE PERSONAL
Nombre de persona Bonnaymé, Ernest.
9 (RLIN) 158433
852 ## - LOCALIZACIÓN
Ubicación ES-MaACL
Número de control de estantería B-11400
Holdings
Estatus retirado Estado de pérdida Estado de daño No para préstamo Biblioteca de origen Biblioteca actual Ubicación en estantería Fecha de adquisición Fuente de adquisición Total de préstamos Signatura topográfica completa Código de barras Visto por última vez Precio de reemplazo Tipo de ítem Koha
        Biblioteca del Ateneo de Madrid Biblioteca del Ateneo de Madrid Sala Pardo Bazán 17/01/2008     B-11400 1032843 23/02/2023 23/02/2023 Libro impreso